000 00521nmm a2200169Ia 4500
008 251105s9999||||xx |||||||||||||||||und||
020 _a8497424646
041 _aspa
100 _aCebrián, Fernando
245 0 _aRecordatorio de mi primera Incomunión :
_b Barcelona, Enero de 1939
264 _a[Madrid, España] :
_bBiblioteca Nueva,
_c2005
300 _a213 páginas
490 _aNarrativa contemporánea
650 _aSpanish narrative
856 _uhttps://public.digitaliapublishing.com/a/4127
942 _cCF
999 _c74194
_d74194